| 000 | 00755nam a22002417a 4500 | ||
|---|---|---|---|
| 003 | UA-OsUOA | ||
| 001 | 74086 | ||
| 007 | ta | ||
| 008 | 20110326b un ||||| |||| 00| 0 ukr d | ||
| 090 |
_a330.15(477) _bС83 |
||
| 942 | _cBK | ||
| 040 |
_aUA-OsUOA _bukr _cUA-OsUOA _dUA-OsUOA |
||
| 245 |
_aСтратегія забезпечення сталого розвитку України _bМатеріали міжнародної науково-практичної конференції. У з-х частинах |
||
| 300 | _a334 с. | ||
| 955 | _a2 | ||
| 041 | _aukr | ||
| 080 | _a330.15(477) | ||
| 020 | _a978-966-02-4759-8 | ||
| 260 |
_aК. _c2008 |
||
| 246 | 3 | 1 |
_a2 _n |
| 650 | 7 |
_a330 Економіка взагалі _2UDC |
|
| 999 |
_c360373 _d360373 |
||